|
|
|
|
| LEADER |
00000nam0a2200000 4500 |
| 001 |
53071 |
| 005 |
20231031044132.0 |
| 035 |
|
|
|a (RuTPU)RU\TPU\book\55651
|
| 090 |
|
|
|a 53071
|
| 100 |
|
|
|a 20030611d1985 m y0rusy50 ca
|
| 101 |
0 |
|
|a rus
|
| 102 |
|
|
|a RU
|
| 105 |
|
|
|a y j 001zy
|
| 200 |
1 |
|
|a Экономическое обоснование дипломных проектов
|e учебное пособие
|f Л. И. Гамрат-Курек
|
| 205 |
|
|
|a 4-е изд., перераб. и доп.
|
| 210 |
|
|
|a Москва
|c Высшая школа
|d 1985
|
| 215 |
|
|
|a 159 с.
|
| 225 |
1 |
|
|a Учебное пособие для вузов
|
| 320 |
|
|
|a Библиогр.: с. 156-157.
|
| 320 |
|
|
|a Предм. указ.: с. 158.
|
| 610 |
1 |
|
|a машиностроение
|
| 610 |
1 |
|
|a дипломные проекты
|
| 610 |
1 |
|
|a дипломное проектирование
|
| 610 |
1 |
|
|a экономическое обоснование
|
| 610 |
1 |
|
|a учебные пособия
|
| 675 |
|
|
|a 621.002.001.63(075.8)
|v 3
|
| 700 |
|
1 |
|a Гамрат-Курек
|b Л. И.
|g Леонид Иосифович
|
| 801 |
|
1 |
|a RU
|b 63413507
|c 20030611
|g PSBO
|
| 801 |
|
2 |
|a RU
|b 63413507
|c 20150126
|g PSBO
|
| 942 |
|
|
|c BK
|